|
|
|
|
| LEADER |
00751nam a22001697a 4500 |
| 008 |
181229b xxu||||| |||| 00| 0 eng d |
| 999 |
|
|
|c 25306
|d 25306
|
| 082 |
|
|
|a W 615.538
|b RAG
|
| 100 |
|
|
|a രാഘവന് തിരുമുല്പ്പാട്, കെ
|
| 240 |
|
|
|a Thandrayukthivivekam
|
| 245 |
|
|
|a തന്ത്രയുക്തിവിവേകം /
|c കെ. രാഘവന് തിരുമുല്പ്പാട്
|
| 260 |
|
|
|a 1st ed.
|c 2012.
|
| 300 |
|
|
|a 77p.
|
| 650 |
|
|
|a Ayurveda
|
| 700 |
|
|
|a Raghavan Thirumulpadu, K
|
| 942 |
|
|
|2 ddc
|c REF
|
| 952 |
|
|
|0 0
|1 0
|2 ddc
|4 0
|5 1
|6 W_615_538000000000000_RAG
|7 0
|9 34718
|a MAIN
|b MAIN
|d 2018-12-29
|e Gift (Prof. Raghava warrier)
|g 50.00
|o W 615.538 RAG
|p 33002
|r 2018-12-29
|t 1
|w 2018-12-29
|y REF
|